| LEADER | 00898nam a2200253 a 4500 | ||
|---|---|---|---|
| 001 | GR-MES2565 | ||
| 008 | 991111s1992 nyu 000 b eng d | ||
| 020 | |a 047195120X | ||
| 040 | |a GrPaTEI |b gre |c GR-PaULI | ||
| 245 | 0 | 0 | |a Tourism and the less developed countries. |
| 260 | |a New York : |b Wiley, |c 1992 | ||
| 300 | |a 186σ. : |b χάρτες | ||
| 500 | |a bibliography:p(163-182) and index | ||
| 650 | 4 | |a ΑΣΙΑ | |
| 650 | 4 | |a ΙΣΡΑΗΛ | |
| 650 | 4 | |a ΚΟΥΒΑ | |
| 650 | 4 | |a ΜΕΞΙΚΟ | |
| 650 | 4 | |a Τουρισμός | |
| 650 | 4 | |a ΤΡΙΤΟΣ ΚΟΣΜΟΣ | |
| 700 | 1 | |a Harrison, David | |
| 942 | |2 ddc | ||
| 952 | |0 0 |1 1 |2 ddc |4 0 |6 338_479000000000000_1_HAR |7 0 |9 266969 |a MSLG |b MSLG |c BSC |d 2021-01-17 |e 24 |f 1 |g 0.00 |l 0 |o 338.479 1 HAR |p 2420000010754 |r 2021-06-16 00:00:00 |t 1 |v 2021.00 |w 2021-01-17 |y BK15 |x 19991111 0 1 |x ΓκρΠαΤΈΙ | ||
| 971 | |a .b25736103 |b 15-04-20 |c 13-09-16 | ||
| 999 | |c 153650 |d 153650 | ||